[Event "Kalamazoo Mini-Swiss.1"]
[Site "Kalamazoo, MI"]
[Date "1998.??.??"]
[Round "?"]
[White "Beckwith, Stan"]
[Black "Ingles, Darrell"]
[Result "1-0"]
[WhiteElo "1770"]
[BlackElo "1605"]
[PlyCount "129"]
[EventDate "1998.??.??"]

1. d4 c5 2. d5 d6 3. c4 e6 4. Nc3 e5 5. Nf3 a6 6. e4 Nf6 7. Be2 Be7 8. O-O Bg4
9. h3 Bxf3 10. Bxf3 O-O 11. g4 Kh8 12. Bg2 Nbd7 13. f4 exf4 14. Bxf4 Ne5 15.
Bxe5 dxe5 16. Rf5 Qd6 17. Qe2 Ng8 18. Raf1 f6 19. Nd1 Rab8 20. a4 Qd7 21. Nc3
Qd8 22. Rd1 Qd6 23. Qd2 Rbc8 24. b3 Rb8 25. Bf1 Bd8 26. Be2 Be7 27. Rf3 h6 28.
a5 b6 29. axb6 Rxb6 30. Na4 Rb4 31. Qa2 a5 32. Nc3 Qb6 33. Nb5 Ra8 34. Kh1 Qb7
35. Ra1 a4 36. Bd1 axb3 37. Qxa8 Qxa8 38. Rxa8 b2 39. Bc2 b1=Q+ 40. Bxb1 Rxb1+
41. Kg2 f5 42. Rxf5 Bh4 43. Rff8 Rb2+ 44. Kg1 Rb1+ 45. Kg2 Rb2+ 46. Kf3 Rf2+
47. Ke3 Rxf8 48. Rxf8 Kh7 49. Nc7 Nf6 50. Ne6 Kg6 51. Nxc5 h5 52. gxh5+ Kxh5
53. Ne6 Bg5+ 54. Nxg5 Kxg5 55. Rxf6 Kxf6 56. c5 Ke7 57. Kf3 Kd7 58. Kg4 Ke7 59.
Kf5 g6+ 60. Kxg6 Kd7 61. Kf7 Kc7 62. Ke7 Kc8 63. d6 Kb7 64. d7 Kc6 65. d8=Q 1-0

[Event "Michigan Amateur"]
[Site "Kalamazoo "]
[Date "1998.??.??"]
[Round "?"]
[White "Beckwith, Stan"]
[Black "Clay, C."]
[Result "1-0"]
[WhiteElo "1770"]
[BlackElo "1605"]
[PlyCount "69"]
[EventDate "1998.07.??"]

{7/18} 1. d4 Nf6 2. c4 c5 3. d5 b5 4. cxb5 a6 5. Nc3 g6 6. e4 d6 7. Bd3 Bg7 8.
Nge2 Qa5 9. Bd2 O-O 10. Na4 Qd8 11. b6 Qe8 12. Nac3 Bb7 13. a4 a5 14. Nb5 Na6
15. Bxa5 c4 16. Bc2 Nc5 17. Nc7 Qc8 18. Nxa8 Qxa8 19. Bc3 Ncxe4 20. Bxe4 Nxe4
21. Bxg7 Qa5+ 22. Bc3 Qxb6 23. Qd4 Qxd4 24. Bxd4 Bxd5 25. f3 Ng5 26. Nc3 Bxf3
27. gxf3 Nxf3+ 28. Kf2 Nxd4 29. a5 Ra8 30. a6 e6 31. a7 Kf8 32. Ra6 Ke7 33. Rd1
Nf5 34. Nb5 Kd7 35. Nxd6 1-0

[Event "Kalamazoo Mini-Swiss.2"]
[Site "Kalamazoo, MI"]
[Date "1998.??.??"]
[Round "?"]
[White "Beaman, Matt"]
[Black "Russell, Scott"]
[Result "0-1"]
[WhiteElo "1605"]
[BlackElo "1605"]
[PlyCount "80"]
[EventDate "1998.??.??"]

1. e4 d5 2. d3 dxe4 3. dxe4 Qxd1+ 4. Kxd1 Nc6 5. Bb5 Bd7 6. Bxc6 Bxc6 7. f3 g6
8. g4 O-O-O+ 9. Ke1 Bg7 10. c3 e6 11. Nh3 f5 12. Ng5 fxe4 13. fxe4 Rd7 14. Rf1
Nf6 15. Nxe6 Nxe4 16. Be3 Re8 17. Nxg7 Rxg7 18. Na3 Nc5 19. Ke2 Rge7 20. Nc2
Bb5+ 21. Kd2 Ne4+ 22. Ke1 Bxf1 23. Kxf1 Nd6 24. Re1 Nc4 25. Kf2 Nxb2 26. Bc5
Nd3+ 27. Kf1 Rxe1+ 28. Nxe1 Rxe1+ 29. Kg2 Nxc5 30. Kg3 g5 31. h4 Re3+ 32. Kf2
Rxc3 33. hxg5 Ne4+ 34. Ke2 Nxg5 35. Kf2 Ne4+ 36. Kg2 Rg3+ 37. Kh2 Rxg4 38. Kh1
Nd2 39. a4 Nf3 40. a5 Rg1# 0-1

[Event "Lansing Action Quads"]
[Site "Lansing, MI"]
[Date "1998.??.??"]
[Round "?"]
[White "Baze, Lineas"]
[Black "Triplett, Thomas"]
[Result "0-1"]
[WhiteElo "2135"]
[BlackElo "1895"]
[PlyCount "73"]
[EventDate "1998.??.??"]

1. e4 c5 2. Nf3 d6 3. d4 cxd4 4. Nxd4 Nf6 5. Nc3 a6 6. Be2 e5 7. Nb3 Be7 8. O-O
O-O 9. a4 Qc7 10. Kh1 Be6 11. Bg5 Nbd7 12. f4 h6 13. Bxf6 Nxf6 14. f5 Bc4 15.
Nd2 Bxe2 16. Qxe2 Rac8 17. Rf3 Rfd8 18. Rd3 b5 19. axb5 axb5 20. Rc1 b4 21. Nd5
Nxd5 22. Rxd5 Bg5 23. g3 Qa7 24. h4 Be3 25. Rd3 Bd4 26. Rb3 Qa4 27. Qh5 Rxc2
28. Rxc2 Qa1+ 29. Kg2 Qg1+ 30. Kh3 Qh1+ 31. Kg4 Qd1+ 32. Nf3 Qxc2 33. Nxd4
Qxe4+ 34. Kh3 Qh1+ 35. Kg4 exd4 36. f6 Qe4+ 37. Kh3 0-1

[Event "Lansing Action Quads"]
[Site "Lansing, MI"]
[Date "1998.??.??"]
[Round "?"]
[White "Baze, Lineas"]
[Black "Sundeen, David"]
[Result "1-0"]
[WhiteElo "2135"]
[BlackElo "1645"]
[PlyCount "82"]
[EventDate "1998.??.??"]

1. e4 e5 2. Nf3 Nc6 3. Nc3 Nf6 4. Bb5 Nd4 5. Ba4 Bc5 6. Nxe5 O-O 7. Nd3 Bb6 8.
e5 Ne8 9. Nd5 d6 10. Ne3 dxe5 11. Nxe5 Nf5 12. c3 Nxe3 13. dxe3 Qf6 14. Nd7
Bxd7 15. Qxd7 Nd6 16. O-O Rad8 17. Qg4 Nf5 18. e4 Nh6 19. Qg3 Qg6 20. Qxg6 hxg6
21. h3 c6 22. Bc2 Kh7 23. Bf4 Ng8 24. Rfd1 Nf6 25. Kf1 Nh5 26. Bh2 g5 27. Rxd8
Rxd8 28. Rd1 Rxd1+ 29. Bxd1 Nf4 30. Bc2 g6 31. h4 Ne6 32. hxg5 Nxg5 33. f3 Be3
34. Ke2 Bc1 35. b3 Bb2 36. c4 Ne6 37. Bg1 a6 38. Be3 Bd4 39. Bc1 Be5 40. Bb1
Nf4+ 41. Kf1 Ne6 {[Remainder unavailable]} 1-0

[Event "Lansing Action Quads"]
[Site "Lansing, MI"]
[Date "1998.??.??"]
[Round "?"]
[White "Baze, Lineas"]
[Black "Carl, Kevin"]
[Result "0-1"]
[WhiteElo "2105"]
[BlackElo "1705"]
[PlyCount "66"]
[EventDate "1998.??.??"]

1. c4 Nf6 2. Nc3 g6 3. g3 Bg7 4. Bg2 O-O 5. e3 d6 6. Nge2 Nc6 7. d4 e5 8. d5
Ne7 9. O-O Nd7 10. e4 f5 11. f3 a5 12. b3 Kh8 13. Bd2 Ng8 14. Qc2 Nc5 15. a3
Bd7 16. b4 axb4 17. axb4 Rxa1 18. Rxa1 Na6 19. Qb1 Bh6 20. Bxh6 Nxh6 21. Qc1
Kg7 22. Rb1 Nf7 23. Qe3 b6 24. f4 Qe7 25. exf5 Bxf5 26. Rb2 Nb8 27. Nd4 Bc8 28.
Re2 Re8 29. Ndb5 Na6 30. Na2 Bd7 31. Qc3 Kg8 32. Nc1 Bg4 33. Re1 Bf5 {
[Remainder unvailable]} 0-1

[Event "Lansing Action Quads"]
[Site "Lansing, MI"]
[Date "1998.??.??"]
[Round "?"]
[White "Baze, Lineas"]
[Black "Carl, Kevin"]
[Result "1/2-1/2"]
[WhiteElo "2135"]
[BlackElo "1605"]
[PlyCount "57"]
[EventDate "1998.??.??"]

1. e4 c5 2. Nf3 d6 3. d4 cxd4 4. Nxd4 Nf6 5. Nc3 a6 6. Be2 e5 7. Nb3 Be7 8. O-O
O-O 9. a4 Be6 10. f4 exf4 11. Bxf4 Nc6 12. Kh1 d5 13. exd5 Nxd5 14. Nxd5 Qxd5
15. Qxd5 Bxd5 16. c4 Be6 17. Rad1 Rfd8 18. Bc7 Rxd1 19. Rxd1 Rc8 20. Bb6 Ne5
21. Na5 Nxc4 22. Bxc4 Bxc4 23. Rd7 Kf8 24. Nxb7 Be6 25. Rc7 Rxc7 26. Bxc7 Bb3
27. a5 Bf6 28. Nc5 Bc4 29. Nd7+ 1/2-1/2

[Event "Lansing Action Quads"]
[Site "Lansing, MI"]
[Date "1998.??.??"]
[Round "?"]
[White "Baze, Lineas"]
[Black "Ballicora, Miguel"]
[Result "1-0"]
[WhiteElo "2105"]
[BlackElo "2100"]
[PlyCount "59"]
[EventDate "1998.??.??"]

1. e4 c5 2. Nf3 Nc6 3. d4 cxd4 4. Nxd4 Nf6 5. Nc3 d6 6. Be2 e6 7. O-O Be7 8.
Nb3 O-O 9. Be3 a6 10. a4 Na5 11. Nxa5 Qxa5 12. Qd2 Kh8 13. f4 Bd7 14. Bf3 Bc6
15. Qd4 Qc7 16. g4 e5 17. Qc4 exf4 18. Bxf4 Rac8 19. Qd4 Nd7 20. g5 Ne5 21. Be2
f6 22. h4 fxg5 23. hxg5 Ng6 24. Bg3 Bxg5 25. Bxd6 Qd7 26. Rad1 Qh3 27. Rd3
Rxf1+ 28. Bxf1 Qg4+ 29. Rg3 Qh4 30. Qf2 {[Remainder unavailable]} 1-0

[Event "Michigan Class A"]
[Site "Grand Rapids, MI"]
[Date "1998.??.??"]
[Round "?"]
[White "Bauerle, Paul"]
[Black "Solon, Nathan"]
[Result "1/2-1/2"]
[WhiteElo "1940"]
[BlackElo "1900"]
[PlyCount "110"]
[EventDate "1998.01.??"]

1. d4 Nf6 2. c4 c5 3. d5 b5 4. f3 b4 5. e4 d6 6. Be3 g6 7. Nd2 e5 8. a3 Na6 9.
a4 Bg7 10. g3 O-O 11. Bh3 Nh5 12. b3 f5 13. Qc2 f4 14. Bf2 fxg3 15. hxg3 Bxh3
16. Rxh3 Qg5 17. O-O-O Rf7 18. Kb1 Raf8 19. Qd3 Nb8 20. Nf1 Rxf3 21. Nxf3 Qg4
22. Rh2 Rxf3 23. Ne3 Qg5 24. Qe2 Rxg3 25. Rxh5 gxh5 26. Bxg3 Qxg3 27. Rf1 Nd7
28. Ka2 Nf6 29. Nf5 Qg4 30. Qh2 Nxe4 31. Nh6+ Bxh6 32. Rg1 Bf4 33. Rxg4+ hxg4
34. Qh5 Nf6 35. Qf5 Kg7 36. Qe6 e4 37. Qf5 Be5 38. Qg5+ Kf7 39. Kb1 h5 40. Kc2
Bg3 41. Kd1 h4 42. Ke2 h3 43. Kf1 Be5 44. Qh6 h2 45. Kg2 g3 46. a5 a6 47. Qg5
e3 48. Qxe3 Kg6 49. Qf3 Kg5 50. Qe3+ Kf5 51. Qh6 Bf4 52. Qh3+ Ke4 53. Qh4 Kf5
54. Qh3+ Ke4 55. Qh4 Kf5 1/2-1/2

[Event "Michigan Class A"]
[Site "Grand Rapids, MI"]
[Date "1998.??.??"]
[Round "?"]
[White "Bauerle, Paul"]
[Black "Skidmore, Mike"]
[Result "1-0"]
[WhiteElo "1940"]
[BlackElo "1930"]
[PlyCount "49"]
[EventDate "1998.01.??"]

1. d4 c6 2. c4 d5 3. Nc3 Bf5 4. cxd5 cxd5 5. Qb3 Nf6 6. Qxb7 Nbd7 7. Nb5 Rc8 8.
Qxa7 e6 9. Bd2 Be7 10. Ba5 Qxa5+ 11. Qxa5 O-O 12. e3 Rc2 13. b3 Rfc8 14. Ne2
Nb8 15. Na7 Na6 16. a3 Nc5 17. dxc5 R8xc5 18. Qa4 Ne4 19. f3 Nc3 20. Qe8+ Bf8
21. Nd4 Rb2 22. Nxf5 exf5 23. Nc8 g6 24. Nb6 Nb1 25. Qxf8+ 1-0

[Event "Michigan Class D/E"]
[Site "Grand Rapids, MI"]
[Date "1998.??.??"]
[Round "?"]
[White "Bascomb, A."]
[Black "Vaughn, Gerald"]
[Result "0-1"]
[WhiteElo "1605"]
[BlackElo "1605"]
[PlyCount "34"]
[EventDate "1998.01.??"]

1. e4 c5 2. Nc3 Nc6 3. Bc4 e6 4. b3 Nf6 5. Nf3 a6 6. O-O b5 7. Be2 Be7 8. e5
Ng4 9. d4 cxd4 10. Nxd4 Ngxe5 11. Bb2 Bb7 12. a3 Bc5 13. Nxc6 Bxc6 14. b4 Qg5
15. g3 Bb6 16. Bc1 Qf5 17. Bf4 Qh3 0-1

[Event "Michigan Class D/E"]
[Site "Grand Rapids, MI"]
[Date "1998.??.??"]
[Round "?"]
[White "Bascomb, A."]
[Black "McCrandell, James"]
[Result "0-1"]
[WhiteElo "1605"]
[BlackElo "1605"]
[PlyCount "56"]
[EventDate "1998.01.??"]

1. e4 e5 2. Nf3 Nc6 3. Nc3 Nf6 4. Bc4 Bb4 5. d3 Bxc3+ 6. bxc3 d6 7. O-O d5 8.
exd5 Nxd5 9. Bxd5 Qxd5 10. c4 Qd6 11. h3 O-O 12. c3 Qg6 13. Kh2 Qd6 14. Qe2 e4+
15. g3 exf3 16. Qxf3 Ne5 17. Qe2 Re8 18. Qd1 Qxd3 19. Qa4 Bd7 20. Qd1 Qxc4 21.
f4 Ba4 22. Qxa4 Qxa4 23. fxe5 Rxe5 24. Rf2 Re1 25. Bb2 Rxa1 26. Bxa1 Qd1 27.
Bb2 Re8 28. Kg2 Re2 0-1

[Event "Michigan Class D/E"]
[Site "Grand Rapids, MI"]
[Date "1998.??.??"]
[Round "?"]
[White "Bascomb, A."]
[Black "Engstrom, Nate"]
[Result "1-0"]
[WhiteElo "1605"]
[BlackElo "1605"]
[PlyCount "55"]
[EventDate "1998.01.??"]

1. e4 c5 2. Bc4 d6 3. Nf3 Nf6 4. Nc3 g6 5. Ng5 e6 6. O-O Nxe4 7. Bb5+ Bd7 8.
Bxd7+ Nxd7 9. Ngxe4 d5 10. Ng3 Bg7 11. Re1 O-O 12. d3 a6 13. Nce2 Nb6 14. c3
Qd7 15. b3 Rac8 16. d4 cxd4 17. cxd4 Na8 18. Bf4 b5 19. Rc1 Rxc1 20. Nxc1 Qa7
21. Be5 Bxe5 22. Rxe5 Nb6 23. Nce2 Nd7 24. Re3 b4 25. h4 h5 26. Nf4 a5 27.
Ngxh5 gxh5 28. Rg3+ 1-0

[Event "Michigan Amateur"]
[Site "Kalamazoo "]
[Date "1998.??.??"]
[Round "?"]
[White "Barta, Roger"]
[Black "Thomas, Courtney"]
[Result "1-0"]
[WhiteElo "1735"]
[BlackElo "1605"]
[PlyCount "48"]
[EventDate "1998.07.??"]

{7/18} 1. e4 d5 2. exd5 Nf6 3. d4 Bf5 4. c4 c6 5. dxc6 Nxc6 6. Nf3 g6 7. Nc3
Bg7 8. d5 Nb8 9. Bd3 Bxd3 10. Qxd3 O-O 11. O-O Nbd7 12. Be3 a6 13. Rfd1 Rc8 14.
Rac1 Nc5 15. Bxc5 Rxc5 16. b4 Rc7 17. Ne5 Qd6 18. f4 Qxb4 19. Rb1 Qc5+ 20. Kh1
Rd8 21. Na4 Qf2 22. g3 Nd7 23. d6 Nxe5 24. dxc7 Rxd3 {[Remainder illegible.]}
1-0

[Event "Michigan Amateur"]
[Site "Kalamazoo "]
[Date "1998.??.??"]
[Round "?"]
[White "Barta, Roger"]
[Black "Phillips, T."]
[Result "1-0"]
[WhiteElo "1735"]
[BlackElo "1605"]
[PlyCount "109"]
[EventDate "1998.07.??"]

{7/18} 1. e4 e6 2. d4 d5 3. Nc3 Bb4 4. exd5 exd5 5. Nf3 Bg4 6. Be2 Nd7 7. O-O
Ngf6 8. Bg5 c6 9. Ne5 Bxe2 10. Nxe2 Qc7 11. c3 Bd6 12. Nxd7 Nxd7 13. h3 h6 14.
Bh4 O-O 15. Qd2 Rfe8 16. Rfe1 Re4 17. Bg3 Rae8 18. Bxd6 Qxd6 19. Ng3 Rxe1+ 20.
Rxe1 Rxe1+ 21. Qxe1 Qe6 22. Qxe6 fxe6 23. f3 Kf7 24. Kf2 g6 25. Ke3 Kf6 26. h4
b6 27. Ne2 c5 28. g4 e5 29. b3 b5 30. Nc1 exd4+ 31. cxd4 c4 32. f4 Nf8 33. Ne2
Ne6 34. Ng3 g5 35. Nh5+ Kf7 36. hxg5 hxg5 37. fxg5 Kg6 38. Nf6 Nc7 39. Nd7 Kxg5
40. Ne5 Ne6 41. Nc6 a6 42. Nb4 Nc7 43. Kf3 c3 44. Ke3 Kxg4 45. Kd3 Kf4 46. Kxc3
Ke4 47. Nc6 Ne6 48. a3 a5 49. Nxa5 Nxd4 50. a4 Nxb3 51. Nxb3 bxa4 52. Nc5+ Ke3
53. Nxa4 d4+ 54. Kc2 Ke2 55. Nb2 1-0

[Event "Michigan Class B"]
[Site "Grand Rapids, MI"]
[Date "1998.??.??"]
[Round "?"]
[White "Barta, Roger"]
[Black "Matias, I.C."]
[Result "1-0"]
[WhiteElo "1705"]
[BlackElo "1645"]
[PlyCount "63"]
[EventDate "1998.01.??"]

1. e4 c6 2. d4 d5 3. e5 Bf5 4. Bd3 Bxd3 5. Qxd3 e6 6. Ne2 Qb6 7. O-O c5 8. Nbc3
Nc6 9. Na4 Qb4 10. Nxc5 Nxd4 11. Nxd4 Bxc5 12. c3 Qb6 13. Be3 Ne7 14. b4 Bxd4
15. Bxd4 Qc7 16. Rac1 O-O 17. Bc5 Rfd8 18. Bxe7 Qxe7 19. Rfd1 g6 20. Qe3 b5 21.
Rd4 Rdc8 22. h4 a5 23. a3 axb4 24. cxb4 Rc4 25. g3 Qc7 26. Rdxc4 dxc4 27. Qc3
Rd8 28. a4 Rd3 29. Qc2 bxa4 30. Qxd3 cxd3 31. Rxc7 d2 32. Rd7 1-0

[Event "Kalamazoo Mini-Swiss.1"]
[Site "Kalamazoo, MI"]
[Date "1998.??.??"]
[Round "?"]
[White "Bambrough, Brian"]
[Black "Treacy, Joe"]
[Result "1-0"]
[WhiteElo "2100"]
[BlackElo "1605"]
[PlyCount "75"]
[EventDate "1998.??.??"]

1. c4 Nf6 2. Nc3 g6 3. d4 Bg7 4. e4 d6 5. f4 e5 6. dxe5 dxe5 7. Qxd8+ Kxd8 8.
fxe5 Nfd7 9. Bg5+ Ke8 10. Nf3 Nc6 11. Nd5 Rb8 12. Nxc7+ Kf8 13. e6 fxe6 14.
Nxe6+ Kf7 15. Nxg7 Kxg7 16. O-O-O Nc5 17. Bd3 Be6 18. e5 Nd7 19. Rhe1 Rbe8 20.
Bb1 Rhf8 21. Bh4 Rf4 22. b3 Ndxe5 23. Bg3 Nxf3 24. Rxe6 Rxe6 25. Bxf4 Nfd4 26.
Bd3 Kg8 27. Kb2 Re7 28. Bg3 Rf7 29. Kc3 Re7 30. Re1 Rd7 31. b4 a6 32. a4 Nd8
33. c5 N8c6 34. Bf4 Nd8 35. Bc4+ Nf7 36. Bh6 Rd8 37. Re7 Rf8 38. Kxd4 1-0

[Event "Kalamazoo Mini-Swiss.1"]
[Site "Kalamazoo, MI"]
[Date "1998.??.??"]
[Round "?"]
[White "Bambrough, Brian"]
[Black "Ritter, H."]
[Result "0-1"]
[WhiteElo "2100"]
[BlackElo "1840"]
[PlyCount "103"]
[EventDate "1998.??.??"]

1. c4 Nf6 2. Nc3 e6 3. g3 d5 4. cxd5 exd5 5. d4 c6 6. Bg2 Be7 7. Nf3 O-O 8. O-O
Na6 9. a3 h6 10. b4 Bf5 11. Bb2 Re8 12. Re1 Nc7 13. Ne5 a6 14. Na4 Nb5 15. Nc5
Qc7 16. Rc1 Rad8 17. Qb3 Nd6 18. a4 Bf8 19. e3 Nfe4 20. f3 Nd2 21. Qc3 N6c4 22.
Nxc4 Nxc4 23. e4 Bc8 24. e5 g5 25. Rc2 Bf5 26. Rce2 Qc8 27. Bc1 b6 28. Nb3 Qe6
29. Nd2 b5 30. a5 Rb8 31. Nb3 Qg6 32. Nc5 Bxc5 33. dxc5 Rbd8 34. Qd4 Be6 35. g4
Kf8 36. h3 Ke7 37. f4 gxf4 38. Bxf4 Rh8 39. Rf2 Rdg8 40. Ref1 Qh7 41. Bc1 Rg6
42. Rf3 Qg7 43. R1f2 Qxe5 44. Qd3 Qg7 45. Qe2 Rf8 46. Bf4 Qd4 47. Kh2 Qg7 48.
Bd6+ Nxd6 49. cxd6+ Kxd6 50. Qe3 Qe5+ 51. Qxe5+ Kxe5 52. Rc3 0-1

[Event "Kalamazoo Mini-Swiss.1"]
[Site "Kalamazoo, MI"]
[Date "1998.??.??"]
[Round "?"]
[White "Bambrough, Brian"]
[Black "Moore, Robert"]
[Result "1-0"]
[WhiteElo "2080"]
[BlackElo "1605"]
[PlyCount "47"]
[EventDate "1998.??.??"]

1. c4 g6 2. f4 Bg7 3. Nf3 d6 4. d4 Nf6 5. Nc3 O-O 6. e4 Nbd7 7. Bd3 e5 8. fxe5
dxe5 9. d5 Nc5 10. O-O Nxd3 11. Qxd3 Ne8 12. Bg5 f6 13. Bh4 Qe7 14. Rf2 Qc5 15.
Na4 Qb4 16. b3 Bd7 17. a3 Qa5 18. Nc3 c5 19. dxc6 Bxc6 20. b4 Rd8 21. Nd5 Qa4
22. Ne7+ Kf7 23. Qxd8 Bxe4 24. Ng5# 1-0

[Event "Kalamazoo Mini-Swiss.1"]
[Site "Kalamazoo, MI"]
[Date "1998.??.??"]
[Round "?"]
[White "Bambrough, Brian"]
[Black "Franklin, Stan"]
[Result "1-0"]
[WhiteElo "2100"]
[BlackElo "1610"]
[PlyCount "113"]
[EventDate "1998.??.??"]

1. c4 e5 2. Nc3 Nf6 3. Nf3 Nc6 4. g3 b6 5. Bg2 Bd6 6. d3 h6 7. a3 Rb8 8. b4 O-O
9. Bb2 a6 10. O-O Nd4 11. Nxd4 exd4 12. Ne4 Nxe4 13. Bxe4 c5 14. Qd2 Bb7 15.
Bxb7 Rxb7 16. e4 Qg5 17. f4 Qg6 18. Rf3 Be7 19. Raf1 f5 20. Re1 d6 21. Rf2 Bd8
22. Rfe2 h5 23. exf5 Qxf5 24. Re8 Rd7 25. Qe2 Qf7 26. Kg2 Rxe8 27. Qxe8+ Qxe8
28. Rxe8+ Kf7 29. Re2 Re7 30. Rxe7+ Bxe7 31. Kf3 Ke6 32. Ke4 g6 33. Bc1 b5 34.
Bd2 Bd8 35. h3 Bf6 36. g4 hxg4 37. hxg4 bxc4 38. dxc4 Be7 39. a4 Bf8 40. b5
axb5 41. axb5 Kd7 42. f5 gxf5+ 43. gxf5 Be7 44. Kd5 Bd8 45. Bh6 Be7 46. Bg7 Bg5
47. Ke4 Bd8 48. Bh6 Kc7 49. Kd5 Kd7 50. Bf4 Be7 51. b6 Bd8 52. b7 Bc7 53. f6 d3
54. Bg5 Ke8 55. Ke6 Bb8 56. f7+ Kf8 57. Bh6# 1-0

[Event "Kalamazoo Mini-Swiss.1"]
[Site "Kalamazoo, MI"]
[Date "1998.??.??"]
[Round "?"]
[White "Bambrough, Brian"]
[Black "Dorrington, Eldon"]
[Result "0-1"]
[WhiteElo "2100"]
[BlackElo "1635"]
[PlyCount "80"]
[EventDate "1998.??.??"]

1. c4 Nf6 2. Nc3 g6 3. e4 d6 4. d4 Bg7 5. Bd3 Nc6 6. Nge2 O-O 7. O-O e5 8. d5
Ne7 9. f3 h6 10. Be3 Kh7 11. b4 Bd7 12. a4 Nh5 13. Qc2 g5 14. g4 Nf4 15. Ng3 f6
16. Nf5 Neg6 17. Ne2 Nxe2+ 18. Bxe2 Rh8 19. c5 dxc5 20. bxc5 Bxf5 21. gxf5 Nf4
22. Rab1 b6 23. c6 Bf8 24. Rfc1 Bd6 25. Bf1 Qe7 26. Qf2 Rhg8 27. Kh1 Rg7 28. a5
Rag8 29. h3 Qf7 30. axb6 axb6 31. Ra1 Kh8 32. Ra7 Qh5 33. Kh2 g4 34. fxg4 Rxg4
35. Bxf4 Rxf4 36. Qe2 Qxe2+ 37. Bxe2 Rf2+ 38. Kh1 Rxe2 39. Rca1 Rxe4 40. Ra8
Rf4 0-1

[Event "Michigan Open Reserve"]
[Site "Flint, MI"]
[Date "1998.??.??"]
[Round "?"]
[White "Ballou, Max"]
[Black "Ligon, S."]
[Result "1/2-1/2"]
[WhiteElo "1605"]
[BlackElo "1605"]
[PlyCount "58"]
[EventDate "1998.09.??"]

1. d4 Nf6 2. c4 g6 3. Nc3 Bg7 4. e4 d6 5. Nf3 O-O 6. h3 Nbd7 7. Bd3 c5 8. d5
Re8 9. O-O a6 10. a4 e5 11. dxe6 Rxe6 12. Bf4 Qe7 13. Re1 b6 14. Ng5 Re5 15.
Bxe5 Qxe5 16. Nf3 Qe7 17. Nd5 Nxd5 18. exd5 Ne5 19. Nxe5 Bxe5 20. f4 Bd4+ 21.
Kh1 Qf8 22. Qc2 Bd7 23. Rab1 a5 24. b3 Qd8 25. Rf1 Kg7 26. f5 Qh4 27. Rbe1 Be5
28. Re2 Qg3 29. Kg1 Qh2+ 1/2-1/2

[Event "Michigan Open Reserve"]
[Site "Flint, MI"]
[Date "1998.??.??"]
[Round "?"]
[White "Ballou, Max"]
[Black "Haney, Mark"]
[Result "0-1"]
[WhiteElo "1605"]
[BlackElo "1605"]
[PlyCount "34"]
[EventDate "1998.09.??"]

1. d4 d5 2. c4 e6 3. Nc3 Nf6 4. Bg5 Be7 5. Nf3 Nbd7 6. e3 O-O 7. Be2 c5 8. O-O
cxd4 9. exd4 dxc4 10. Bxc4 b6 11. d5 exd5 12. Nxd5 Nxd5 13. Qxd5 Rb8 14. Rae1
Bxg5 15. Nxg5 Bb7 16. Qd3 Qxg5 17. Qxd7 Qxg2# 0-1

[Event "Michigan Open Reserve"]
[Site "Flint, MI"]
[Date "1998.??.??"]
[Round "?"]
[White "Ballou, Max"]
[Black "Crann, Bill"]
[Result "0-1"]
[WhiteElo "1605"]
[BlackElo "1605"]
[PlyCount "32"]
[EventDate "1998.09.??"]

1. d4 Nf6 2. c4 e6 3. Nc3 b6 4. e4 Bb7 5. Bg5 Be7 6. Bd3 d5 7. cxd5 exd5 8.
exd5 Nxd5 9. Bxe7 Qxe7+ 10. Be2 Nxc3 11. bxc3 Bxg2 12. Nf3 Bxh1 13. Qa4+ c6 14.
Kf1 O-O 15. Re1 Qe4 16. Qd1 Qg4 0-1

[Event "Michigan Open Reserve"]
[Site "Flint, MI"]
[Date "1998.??.??"]
[Round "?"]
[White "Ballou, Max"]
[Black "Carpenter, T."]
[Result "0-1"]
[WhiteElo "1605"]
[BlackElo "1605"]
[PlyCount "72"]
[EventDate "1998.09.??"]

1. e4 e5 2. Nf3 Nc6 3. Bb5 d6 4. O-O Nf6 5. Re1 Be6 6. c3 a6 7. Ba4 g6 8. d4
exd4 9. cxd4 Bg4 10. d5 b5 11. Bc2 Ne5 12. Nbd2 c6 13. dxc6 Be7 14. b3 O-O 15.
Bb2 Rc8 16. h3 Bxf3 17. Nxf3 Rxc6 18. Nxe5 dxe5 19. Qxd8 Rxd8 20. Rac1 Rd2 21.
Bxe5 Rcxc2 22. Rxc2 Rxc2 23. a4 Bb4 24. Ra1 Nxe4 25. axb5 axb5 26. Ra8+ Bf8 27.
f3 Nd6 28. Bxd6 h5 29. Bxf8 f5 30. Bh6+ Kf7 31. Ra7+ Kf6 32. Ra6+ Ke5 33. Bg7+
Kf4 34. Bf8 Kg3 35. Bd6+ f4 36. Be7 Rc1# 0-1

[Event "Michigan Open"]
[Site "Flint, MI"]
[Date "1998.??.??"]
[Round "?"]
[White "Ballicora, Miguel"]
[Black "Wisckol, Richard"]
[Result "1-0"]
[WhiteElo "2055"]
[BlackElo "1905"]
[PlyCount "89"]
[EventDate "1998.09.??"]

{9/5} 1. d4 Nf6 2. c4 g6 3. Nc3 Bg7 4. e4 d6 5. Nf3 O-O 6. Be2 e5 7. d5 a5 8.
Bg5 h6 9. Bh4 Bd7 10. Nd2 Na6 11. O-O Qc8 12. a3 Nh7 13. Rb1 f5 14. f3 f4 15.
b4 axb4 16. axb4 Nf6 17. Bf2 b6 18. Qb3 Kh7 19. Ra1 g5 20. Ra2 g4 21. Rfa1 gxf3
22. Nxf3 Qb7 23. c5 Nxc5 24. bxc5 dxc5 25. Bxc5 Rxa2 26. Rxa2 Ra8 27. Bf2 Ng4
28. Bb5 Rxa2 29. Qxa2 c6 30. Qa6 Qxa6 31. Bxa6 cxd5 32. Nxd5 Nxf2 33. Kxf2 Bc6
34. Bc4 b5 35. Bb3 b4 36. Bc2 Bxd5 37. exd5+ Kg8 38. Nd2 Kf7 39. Ne4 Ke7 40.
Bb3 Kd7 41. Ke2 Bf8 42. Kd3 Kc7 43. Nd2 Kd7 44. Ke4 Bg7 45. Nc4 1-0

[Event "Michigan Open"]
[Site "Flint, MI"]
[Date "1998.??.??"]
[Round "?"]
[White "Ballicora, Miguel"]
[Black "Vandivier, Don"]
[Result "1/2-1/2"]
[WhiteElo "2055"]
[BlackElo "1880"]
[PlyCount "129"]
[EventDate "1998.09.??"]

{9/4} 1. d4 Nf6 2. c4 g6 3. Nc3 d5 4. cxd5 Nxd5 5. Bd2 Bg7 6. e4 Nxc3 7. Bxc3
O-O 8. h3 c5 9. d5 e6 10. Bc4 Bxc3+ 11. bxc3 b5 12. Bxb5 Qa5 13. Qb3 exd5 14.
exd5 Nd7 15. Be2 Rb8 16. Qc2 Nb6 17. Rb1 Re8 18. Kf1 Bf5 19. Bd3 Bxd3+ 20. Qxd3
Qxa2 21. Rd1 Qxd5 22. Nf3 Qxd3+ 23. Rxd3 Na4 24. g3 Rb3 25. Rd7 Nxc3 26. Rxa7
Ne4 27. Kg2 Rb2 28. Rf1 Rc8 29. Ne5 Rf8 30. Nc4 Rb4 31. Ne3 c4 32. Rc1 c3 33.
Rc7 Rd8 34. Rc2 Rd2 35. Rc8+ Kg7 36. Re8 Nf6 37. Rc8 Rxc2 38. Nxc2 Rb3 39. Nd4
Rb2 40. Rxc3 Rxf2+ 41. Kxf2 Ne4+ 42. Ke3 Nxc3 43. Kd3 Nd5 44. Ke4 Nf6+ 45. Kf3
Nh5 46. g4 Nf6 47. Kf4 h6 48. Nf3 Nd7 49. Nd4 Nc5 50. Ne2 Kf6 51. h4 Ne6+ 52.
Ke4 h5 53. gxh5 gxh5 54. Ng3 Ng7 55. Kf4 Kg6 56. Ke4 f6 57. Kf4 Kf7 58. Ke4 Ke7
59. Kd5 Kf7 60. Ke4 Ke6 61. Kf4 Kd5 62. Ne2 Ke6 63. Ng3 f5 64. Kg5 Ke5 65. Nxf5
1/2-1/2

[Event "Lansing Action Quads"]
[Site "Lansing, MI"]
[Date "1998.??.??"]
[Round "?"]
[White "Ballicora, Miguel"]
[Black "Triplett, Thomas"]
[Result "1-0"]
[WhiteElo "2100"]
[BlackElo "1925"]
[PlyCount "60"]
[EventDate "1998.??.??"]

1. e4 c5 2. Nf3 d6 3. d4 cxd4 4. Nxd4 Nf6 5. Nc3 a6 6. f4 Qc7 7. Bd3 g6 8. Nf3
Bg7 9. O-O O-O 10. a4 Nc6 11. Qe1 Nb4 12. Qh4 Nxd3 13. cxd3 Qc5+ 14. Kh1 Qh5
15. Qf2 Be6 16. a5 Ng4 17. Qe2 Rac8 18. Bd2 Bxc3 19. Bxc3 Nxh2 20. Kg1 Nxf3+
21. gxf3 f5 22. e5 Bd5 23. Qf2 Qh3 24. Rae1 dxe5 25. Rxe5 e6 26. Re2 Rfe8 27.
Qd4 Rxc3 28. Rh2 Qxf1+ 29. Kxf1 Rc1+ 30. Kg2 Rec8 {[Remainder unavailable]} 1-0

[Event "Lansing Action Quads"]
[Site "Lansing, MI"]
[Date "1998.??.??"]
[Round "?"]
[White "Ballicora, Miguel"]
[Black "Stark, John"]
[Result "1-0"]
[WhiteElo "2085"]
[BlackElo "1605"]
[PlyCount "60"]
[EventDate "1998.??.??"]

1. e4 e5 2. Nf3 Nc6 3. Bb5 a6 4. Ba4 Nf6 5. d3 b5 6. Bb3 Be7 7. Nbd2 O-O 8. c3
d6 9. Nf1 h6 10. Ne3 Kh8 11. h3 Nh5 12. g3 g6 13. Ng4 f5 14. Nxh6 Kg7 15. exf5
gxf5 16. Nh4 Qe8 17. Bf7 Rxf7 18. Qxh5 Rf8 19. N6xf5+ Bxf5 20. Nxf5+ Rxf5 21.
Qxf5 Bf6 22. Bg5 Qe7 23. Bxf6+ Qxf6 24. Qxf6+ Kxf6 25. Ke2 Re8 26. Ke3 Ne7 27.
a4 c6 28. axb5 axb5 29. Ra6 d5 30. h4 Rg8 {[Remainder unavailable]} 1-0